01406nam a2200289Ia 450000500170000000800410001702000150005804100080007308200190008111000880010024501190018825000220030730000270032965000280035665000260038494200120041026400210042233600270044333700330047033800280050304000350053199900150056695201340058195201310071595201370084695201330098320220316235718.0121119s1979 ita gr 000 0 spa  a92530015140 aspa04a338.763 bO73E2 aOrganización de la Naciones Unidas para la Agricultura y la Alimentación93350613aEl estudio de la empresa agrícola cOrganización de la Naciones Unidas para la Agricultura y la Alimentación aPrimera edición a30, 7 páginasc21 cm14aCocinaxTécnica2LEMB14aCocinaxRecetas2LEMB 2ddccBK aRoma bFAOc1979 atextobtxt2rdacontent asin mediaciónbn2rdamedia avolumenbnc2rdacarrier aCO-BoRNBPbspaerdacCO-BoRNBP c1908d1908 00102ddc40708GENaMEFTEORObMEFTEOROcGENd2023-05-04l0o38.763 O73epFo0000281r2023-05-04 00:00:00tEj.1w2023-05-04yBK 00102ddc40708GENaMECASTILbMECASTILcGENd2023-07-19l0o338.763 O73epEC01090r2023-07-19 19:28:36tEj.1w2023-07-19yBK 001040708001aMEVIGERRbMEVIGERRcGENd2004-09-20o338.763 O73epECA16544r2024-11-26 10:01:17tEj.1w2024-11-26yBKz1905 | 2266 00102ddc40708GENaMERESTREbMERESTREcGENd2025-07-08l0o338.763 O73EpRES00425r2025-07-08 15:43:09tEj.1w2025-07-08yBK